[Event "Online Olym Div3 E 2020"]
[Site "chess.com INT"]
[Date "2020.07.08"]
[Round "6.2"]
[Board "4"]
[White "Figueroa, Julissa"]
[Black "Herrera, Marjorie"]
[Result "1/2-1/2"]
[WhiteTitle "WCM"]
[BlackTitle "WCM"]
[WhiteElo "1658"]
[BlackElo "1848"]
[WhiteTeam "Barbados"]
[BlackTeam "El Salvador"]
[WhiteFideId "7300450"]
[BlackFideId "6704743"]
[EventDate "2020.07.07"]
[EventType "team"]

1. e4 c5 2. Nf3 d6 3. Bb5+ Nd7 4. e5 e6 5. O-O a6 6. Bxd7+ Qxd7 7. d4 d5 8. c3
cxd4 9. cxd4 Ne7 10. b3 Nf5 11. Bb2 b5 12. Nc3 Bb7 13. Rc1 Be7 14. Qe2 O-O 15.
Kh1 Rfc8 16. Rc2 Rc7 17. Rfc1 Rac8 18. Nd1 h6 19. Ne3 Nxe3 20. fxe3 Bb4 21. Qd1
g5 22. h3 Qe7 23. a3 Ba5 24. Rxc7 Rxc7 25. Rxc7 Qxc7 26. Qc1 Qxc1+ 27. Bxc1 b4
28. a4 Bb6 29. Kh2 a5 30. Kg3 Ba6 31. Kf2 Kf8 32. Ne1 Ke7 33. Nc2 f6 34. exf6+
Kxf6 35. g4 e5 36. Bb2 exd4 37. Bxd4+ Bxd4 38. Nxd4 Bd3 39. Kf3 Be4+ 40. Kg3 Ke5
41. h4 Bd3 42. hxg5 hxg5 43. Kf3 Be4+ 44. Kg3 Bd3 45. Kf3 Be4+ 46. Kg3 Bd3 1/2-1/2

[Event "Online Olym Div3 E 2020"]
[Site "chess.com INT"]
[Date "2020.07.08"]
[Round "6.2"]
[Board "5"]
[White "Melara, Moises"]
[Black "Haynes, Aaron"]
[Result "1-0"]
[WhiteTitle "FM"]
[WhiteElo "2110"]
[BlackElo "1479"]
[WhiteTeam "El Salvador"]
[BlackTeam "Barbados"]
[WhiteFideId "6703917"]
[BlackFideId "11103590"]
[EventDate "2020.07.07"]
[EventType "team"]

1. e4 c5 2. Nc3 g6 3. g3 Bg7 4. Bg2 Nc6 5. d3 e6 6. Be3 d6 7. Qd2 Nge7 8. Nge2
O-O 9. O-O b6 10. Rad1 d5 11. d4 cxd4 12. Nxd4 Nxd4 13. Bxd4 e5 14. Be3 d4 15.
Bh6 Ba6 16. Bxg7 Kxg7 17. Ne2 Rc8 18. Rfe1 Qc7 19. Nxd4 exd4 20. Qxd4+ Kg8 21.
Qa4 Qc4 22. Qa3 Qxc2 23. Qxe7 Be2 24. Rb1 Rc7 25. Qg5 Rc5 26. Qe3 Ba6 27. Rec1
Qe2 28. Qxe2 Bxe2 29. Rxc5 bxc5 30. Re1 Bb5 31. Rd1 Rc8 32. Bf1 a6 33. b3 Bxf1
34. Kxf1 c4 35. Rc1 c3 36. Ke2 Kf8 37. Kd3 Ke7 38. Rxc3 1-0

[Event "Online Olym Div3 E 2020"]
[Site "chess.com INT"]
[Date "2020.07.08"]
[Round "6.2"]
[Board "6"]
[White "Johnson, Azaria"]
[Black "Garcia, Angie"]
[Result "1/2-1/2"]
[BlackTitle "WFM"]
[WhiteElo "1383"]
[BlackElo "1802"]
[WhiteTeam "Barbados"]
[BlackTeam "El Salvador"]
[WhiteFideId "11103825"]
[BlackFideId "6702503"]
[EventDate "2020.07.07"]
[EventType "team"]

1. d4 Nf6 2. c4 g6 3. Nc3 d5 4. Nf3 Bg7 5. e3 c6 6. Be2 O-O 7. O-O b6 8. b3 Bb7
9. Bb2 Re8 10. Rc1 Nbd7 11. h3 Rc8 12. Ne1 e5 13. Nc2 exd4 14. Nxd4 Ne5 15. Nf3
dxc4 16. Nxe5 Rxe5 17. Bxc4 Re8 18. Qe2 Qe7 19. Rfd1 c5 20. Ba6 Red8 21. Bxb7
Qxb7 22. Nb5 Qb8 23. Qf3 a6 24. Bxf6 Rxd1+ 25. Rxd1 axb5 26. Bxg7 Kxg7 27. Rd7
Rf8 28. Qb7 Qe5 29. Qxb6 Qa1+ 30. Kh2 Qxa2 31. Qxb5 Qxf2 32. Qxc5 h5 33. Qd4+
Kg8 34. Rd8 h4 35. Rxf8+ Kxf8 36. Qd6+ Kg8 37. Qe5 f6 38. Qf4 Qe1 39. Qf3 Qc3
40. e4 Qc7+ 41. Kg1 Qc1+ 42. Kh2 Qc7+ 43. g3 Qc2+ 44. Qg2 hxg3+ 45. Kxg3 Qxb3+
46. Kh2 Kf7 47. Qg3 Qb2+ 48. Qg2 Qb8+ 49. Qg3 Qb2+ 50. Qg2 Qe5+ 51. Kh1 Qa1+ 52.
Qg1 Qxg1+ 53. Kxg1 Ke6 54. Kf2 Ke5 55. Ke3 f5 56. exf5 Kxf5 57. Kf3 Kg5 58. Kg3
Kh5 59. Kf3 Kh4 60. Kg2 Kh5 61. Kg3 Kg5 62. Kf3 Kh4 63. Kg2 Kh5 64. Kf3 Kh4 1/2-1/2

[Event "Online Olym Div3 E 2020"]
[Site "chess.com INT"]
[Date "2020.07.08"]
[Round "6.3"]
[Board "1"]
[White "Ibarra Chami, Luis Fernando"]
[Black "Sanchez Alvarez, Roberto Carlos"]
[Result "1-0"]
[WhiteTitle "GM"]
[BlackTitle "IM"]
[WhiteElo "2447"]
[BlackElo "2409"]
[WhiteTeam "Mexico"]
[BlackTeam "Panama"]
[WhiteFideId "5105048"]
[BlackFideId "3508684"]
[EventDate "2020.07.07"]
[EventType "team"]

1. c4 c5 2. g3 g6 3. Bg2 Bg7 4. Nc3 Nc6 5. e3 e6 6. Nge2 Nge7 7. O-O O-O 8. d4
cxd4 9. Nxd4 Nxd4 10. exd4 d5 11. cxd5 Nxd5 12. Qb3 Qb6 13. Qxb6 Nxb6 14. Rd1
Rd8 15. a4 h6 16. a5 Nd5 17. Ra3 Bd7 18. Nxd5 exd5 19. Bxd5 Bg4 20. Bf3 Bxf3 21.
Rxf3 Bxd4 22. Rfd3 Bf6 23. Bxh6 Rxd3 24. Rxd3 Bxb2 25. Rb3 Bd4 26. Rxb7 Re8 27.
Kf1 Re6 28. Bd2 Rf6 29. f4 Rc6 30. Rd7 Rc4 31. Ke2 Ra4 32. Kd3 Bg1 33. Bc3 f5
34. h4 Kf8 35. Rd6 Kf7 36. Rf6+ Kg7 37. Rxf5+ Kg8 38. Rf6 Kh7 39. Rf7+ Kh6 40.
g4 Bh2 41. Rf8 g5 42. hxg5+ Kg6 43. Rf6+ Kg7 44. Rh6+ 1-0

[Event "Online Olym Div3 E 2020"]
[Site "chess.com INT"]
[Date "2020.07.08"]
[Round "6.3"]
[Board "2"]
[White "Baules, Jorge"]
[Black "Capo Vidal, Uriel"]
[Result "1/2-1/2"]
[WhiteTitle "IM"]
[BlackTitle "IM"]
[WhiteElo "2355"]
[BlackElo "2334"]
[WhiteTeam "Panama"]
[BlackTeam "Mexico"]
[WhiteFideId "6600247"]
[BlackFideId "5105382"]
[EventDate "2020.07.07"]
[EventType "team"]

1. e4 c5 2. Nf3 Nc6 3. d4 cxd4 4. Nxd4 Nf6 5. Nc3 e5 6. Ndb5 d6 7. Bg5 a6 8. Na3
Be6 9. Nc4 Rc8 10. Ne3 Be7 11. Bxf6 Bxf6 12. Ncd5 Bg5 13. c3 O-O 14. g3 Bxe3 15.
Nxe3 Qb6 16. Qd2 Rfd8 17. Bg2 Na5 18. O-O Nc4 19. Nxc4 Bxc4 20. Rfd1 Be6 1/2-1/2

[Event "Online Olym Div3 E 2020"]
[Site "chess.com INT"]
[Date "2020.07.08"]
[Round "6.3"]
[Board "3"]
[White "Corrales Jimenez, Zenia"]
[Black "Chung, Yaleika"]
[Result "1-0"]
[WhiteTitle "WIM"]
[BlackTitle "WFM"]
[WhiteElo "2234"]
[BlackElo "1706"]
[WhiteTeam "Mexico"]
[BlackTeam "Panama"]
[WhiteFideId "3506355"]
[BlackFideId "6600603"]
[EventDate "2020.07.07"]
[EventType "team"]

1. e4 e5 2. Nf3 Nf6 3. Nxe5 d6 4. Nf3 Nxe4 5. Nc3 Nf6 6. d4 Be7 7. h3 Nbd7 8.
Bd3 O-O 9. O-O Re8 10. Bf4 b6 11. Ne2 Bb7 12. Ng3 Nd5 13. Bd2 Rb8 14. Nf5 Bf8
15. Bg5 f6 16. Bd2 Ne7 17. Ng3 Bd5 18. Nh4 Bf7 19. Qg4 Qc8 20. Rfe1 Kh8 21. Ngf5
Nxf5 22. Bxf5 Rxe1+ 23. Rxe1 Be8 24. Be6 c5 25. Bh6 Qc7 26. Nf5 Bg6 27. Nxg7
Bxg7 28. Bxg7+ Kxg7 29. Bxd7 Rf8 30. Re7+ Rf7 31. Rxf7+ Kxf7 32. Qe6+ Kg7 33. d5
c4 34. c3 Qc5 35. Qe7+ Kh6 36. Be6 Kg5 37. h4+ Kxh4 38. Qxf6+ Kh5 39. Qf4 Bd3
40. g4+ Kg6 41. Qf7+ Kg5 42. Qh5+ Kf4 43. Kg2 Bg6 44. Qh6+ Ke5 45. Qg5+ Ke4 46.
Qd2 Ke5 47. Qg5+ Ke4 48. Qd2 Ke5 49. Kg3 Kf6 50. Qf4+ Kg7 51. g5 Qc7 52. Qd4+
Kf8 53. Qh8+ Ke7 54. Qf6+ Ke8 55. Qh8+ Ke7 56. Qg7+ Kd8 57. Qf8+ Be8 58. Qf6+
Qe7 59. f4 Qxf6 60. gxf6 Bg6 61. Kg4 a5 62. f5 Be8 63. f7 1-0

[Event "Online Olym Div3 E 2020"]
[Site "chess.com INT"]
[Date "2020.07.08"]
[Round "6.3"]
[Board "4"]
[White "Barria Baker, Raisa Melissa"]
[Black "Real Pereyra, Diana Carime"]
[Result "1-0"]
[WhiteTitle "WFM"]
[BlackTitle "WIM"]
[WhiteElo "1955"]
[BlackElo "2042"]
[WhiteTeam "Panama"]
[BlackTeam "Mexico"]
[WhiteFideId "6600336"]
[BlackFideId "5104106"]
[EventDate "2020.07.07"]
[EventType "team"]

1. d4 Nf6 2. c4 c5 3. d5 g6 4. Nc3 d6 5. e4 Bg7 6. Nf3 O-O 7. h3 e6 8. Bd3 Nbd7
9. O-O e5 10. Bg5 h6 11. Bd2 Ne8 12. Qc1 f5 13. Bxh6 f4 14. Bg5 Bf6 15. Bxf6
Qxf6 16. Nh2 Kg7 17. Be2 Nb6 18. b3 Rh8 19. Bg4 Qh4 20. Qd1 Nf6 21. Be6 Bd7 22.
a4 Rad8 23. a5 Nc8 24. Bxd7 Rxd7 25. Qe2 Ne7 26. Rab1 g5 27. b4 Nc8 28. bxc5
dxc5 29. Na4 Rc7 30. Rb5 Nd7 31. Rfb1 Nd6 32. R5b3 Nf6 33. Nc3 Kg8 34. Nb5 Nxb5
35. Rxb5 Qh7 36. Ng4 Nxe4 37. Qxe4 Qxe4 38. Nf6+ Kg7 39. Nxe4 f3 40. Nxc5 Kg6
41. d6 Rch7 42. Rxb7 Rh4 43. Rxa7 fxg2 44. Kxg2 Rxh3 45. d7 Kf5 46. Rb3 Rh1 47.
Rf3+ Kg4 48. Rg3+ Kf5 49. Kf3 Rd1 50. Ra6 e4+ 51. Ke2 Rhh1 52. Nxe4 Rhe1+ 53.
Kf3 Rxe4 54. Rxg5+ Kxg5 55. Kxe4 Rxd7 56. Re6 Ra7 57. f4+ Kg4 58. a6 Rc7 59. Kd5
Kxf4 60. c5 Kf5 61. Re2 Ra7 62. Re6 Ra8 63. Rd6 Ra7 64. Kc4 Ke5 65. Kb5 Rh7 66.
Kb6 Rh1 67. a7 Rb1+ 68. Kc7 Ra1 69. Kb7 Rb1+ 70. Rb6 Ra1 71. a8=Q Rxa8 72. Kxa8 1-0

[Event "Online Olym Div3 E 2020"]
[Site "chess.com INT"]
[Date "2020.07.08"]
[Round "6.3"]
[Board "5"]
[White "Tello Chavez, Isaac Valent"]
[Black "Mendez, Andre"]
[Result "1-0"]
[WhiteTitle "FM"]
[WhiteElo "2275"]
[BlackElo "1651"]
[WhiteTeam "Mexico"]
[BlackTeam "Panama"]
[WhiteFideId "5114241"]
[BlackFideId "6603793"]
[EventDate "2020.07.07"]
[EventType "team"]

1. c4 Nf6 2. Nc3 e6 3. g3 Bb4 4. Bg2 O-O 5. Nf3 d5 6. Qb3 Bxc3 7. Qxc3 c6 8. O-O
Nbd7 9. b3 Ne4 10. Qc2 b6 11. Bb2 Nef6 12. d3 Bb7 13. e4 Rc8 14. Rad1 Qe7 15.
Rfe1 dxe4 16. dxe4 e5 17. Nh4 g6 18. Bc1 Nc5 19. Bh6 Rfd8 20. h3 Ne6 21. Qc1
Rxd1 22. Rxd1 Nd4 23. Kh2 Nh5 24. Bg5 f6 25. Be3 c5 26. b4 Ba6 27. bxc5 bxc5 28.
Qa3 Qe6 29. Rc1 Rc7 30. Qa5 Qb6 31. Qxb6 axb6 32. g4 Ng7 33. g5 f5 34. exf5
Ngxf5 35. Bd5+ Kg7 36. Nxf5+ gxf5 37. Rb1 Bb7 38. Rxb6 Bxd5 39. cxd5 Rd7 40. d6
Kf7 41. f4 e4 42. a4 Ke6 43. h4 Rxd6 44. Rxd6+ Kxd6 45. h5 Ne6 46. Kg2 c4 47.
Kf2 Kc6 48. h6 Nf8 49. Ke2 Ng6 50. Kd2 Kd5 51. Kc3 Nh4 52. a5 Kc6 53. Kxc4 Ng6
54. a6 Kc7 55. Kd5 Nh4 56. a7 Kb7 57. Ke6 Ka8 58. Kf7 1-0

[Event "Online Olym Div3 E 2020"]
[Site "chess.com INT"]
[Date "2020.07.08"]
[Round "6.3"]
[Board "6"]
[White "Vasquez Jaen, Lourdes Lorena"]
[Black "Lopez Sanchez, Anastacia Antonia"]
[Result "0-1"]
[BlackTitle "WCM"]
[WhiteElo "1539"]
[BlackElo "1809"]
[WhiteTeam "Panama"]
[BlackTeam "Mexico"]
[WhiteFideId "6605559"]
[BlackFideId "5115825"]
[EventDate "2020.07.07"]
[EventType "team"]

1. e4 c5 2. Nf3 Nc6 3. d4 cxd4 4. Nxd4 Nf6 5. Nc3 e5 6. Ndb5 d6 7. Nd5 Nxd5 8.
exd5 Nb8 9. c4 a6 10. Nc3 Be7 11. Be2 O-O 12. O-O f5 13. f4 Bf6 14. Be3 Nd7 15.
Rb1 exf4 16. Bxf4 Ne5 17. Be3 g5 18. Na4 f4 19. Bd4 Bf5 20. Rc1 Nd7 21. c5 Bxd4+
22. Qxd4 dxc5 23. Nxc5 Nxc5 24. Rxc5 Qd6 25. Rfc1 Rf7 26. Bh5 Re7 27. Be2 Rxe2
28. Rc7 Bd7 29. Qd3 Rae8 30. h3 Re1+ 31. Kh2 f3+ 32. g3 R8e2+ 0-1

[Event "Online Olym Div3 E 2020"]
[Site "chess.com INT"]
[Date "2020.07.08"]
[Round "6.4"]
[Board "1"]
[White "Valdes Romero, Leonardo"]
[Black "Alfaro, William"]
[Result "1-0"]
[WhiteTitle "IM"]
[BlackTitle "FM"]
[WhiteElo "2402"]
[BlackElo "2135"]
[WhiteTeam "Costa Rica"]
[BlackTeam "Nicaragua"]
[WhiteFideId "6500331"]
[BlackFideId "6100457"]
[EventDate "2020.07.07"]
[EventType "team"]

1. Nf3 Nf6 2. g3 d5 3. Bg2 e6 4. O-O c5 5. d3 Nc6 6. Nbd2 Be7 7. e4 O-O 8. Re1
Qc7 9. e5 Nd7 10. Qe2 b6 11. Nf1 Bb7 12. h4 Rac8 13. c3 b5 14. h5 Rce8 15. h6 g6
16. Bf4 b4 17. N1h2 bxc3 18. bxc3 Qa5 19. Rac1 Ba6 20. Ng4 Rc8 21. Bg5 Qb5 22.
c4 dxc4 23. dxc4 Qa5 24. Red1 Bxg5 25. Nxg5 Nd4 26. Qe3 Qxa2 27. Rd2 Qb3 28. Qf4
Bxc4 29. Rxd4 cxd4 30. Nf6+ Kh8 31. Nxd7 1-0

[Event "Online Olym Div3 E 2020"]
[Site "chess.com INT"]
[Date "2020.07.08"]
[Round "6.4"]
[Board "2"]
[White "Ortiz, Marcos"]
[Black "Minero Pineda, Sergio"]
[Result "1/2-1/2"]
[BlackTitle "IM"]
[WhiteElo "2191"]
[BlackElo "2365"]
[WhiteTeam "Nicaragua"]
[BlackTeam "Costa Rica"]
[WhiteFideId "6100678"]
[BlackFideId "6500374"]
[EventDate "2020.07.07"]
[EventType "team"]

1. c4 Nf6 2. g3 e6 3. Bg2 d5 4. Nf3 Be7 5. O-O O-O 6. b3 b6 7. Bb2 Bb7 8. e3 c5
9. cxd5 Nxd5 10. d4 cxd4 11. Nxd4 Nc6 12. Nxc6 Bxc6 13. Nc3 Nxc3 14. Bxc3 Bxg2
15. Kxg2 1/2-1/2

[Event "Online Olym Div3 E 2020"]
[Site "chess.com INT"]
[Date "2020.07.08"]
[Round "6.4"]
[Board "3"]
[White "Hernandez Alvarez, Tania Regla"]
[Black "Granados Diaz, Maria Esther"]
[Result "1-0"]
[WhiteTitle "WIM"]
[BlackTitle "WIM"]
[WhiteElo "2041"]
[BlackElo "1839"]
[WhiteTeam "Costa Rica"]
[BlackTeam "Nicaragua"]
[WhiteFideId "3501442"]
[BlackFideId "6101488"]
[EventDate "2020.07.07"]
[EventType "team"]

1. Nf3 d5 2. b3 Nf6 3. Bb2 c5 4. e3 e6 5. Ne5 d4 6. exd4 cxd4 7. Bb5+ Bd7 8.
Nxd7 Nbxd7 9. Bxd4 Be7 10. O-O O-O 11. Qf3 a6 12. Bd3 b5 13. Qh3 h6 14. Nc3 Nc5
15. Bxc5 Bxc5 16. Rad1 Rc8 17. Qf3 Bd4 18. Ne4 Nd5 19. c3 Be5 20. Bb1 f5 21. Ng3
g5 22. Rfe1 Qd6 23. Qe2 Bxg3 24. hxg3 Rce8 25. Qh5 Kg7 26. c4 Nb6 27. Bxf5 e5
28. c5 Qf6 29. g4 Nd5 30. Qh3 Nf4 31. Qf3 Rd8 32. Qb7+ Rf7 33. Qb6 Qxb6 34. cxb6
Rb8 35. Rxe5 Rxb6 36. g3 Ng6 37. Rd5 Ne7 38. Re5 Nc6 39. Re6 Rfb7 40. d4 Ne7 41.
d5 Kf7 42. d6 Nxf5 43. gxf5 Rd7 44. Rd5 Rc6 45. Rxh6 Rc1+ 46. Kg2 Rc2 47. a4
bxa4 48. bxa4 Ra2 49. a5 Rb2 50. Rg6 1-0

[Event "Online Olym Div3 E 2020"]
[Site "chess.com INT"]
[Date "2020.07.08"]
[Round "6.4"]
[Board "4"]
[White "Ferrufino, Michelle"]
[Black "Castillo Morales, Thais"]
[Result "0-1"]
[BlackTitle "WIM"]
[WhiteElo "1822"]
[BlackElo "1846"]
[WhiteTeam "Nicaragua"]
[BlackTeam "Costa Rica"]
[WhiteFideId "6103162"]
[BlackFideId "6507395"]
[EventDate "2020.07.07"]
[EventType "team"]

1. e4 e6 2. d4 d5 3. exd5 exd5 4. c4 Bd6 5. Nf3 Nf6 6. Bd3 dxc4 7. Bxc4 O-O 8.
O-O Nbd7 9. Nc3 Nb6 10. Bd3 c6 11. Bg5 Bc7 12. Qc2 h6 13. Bh4 Bg4 14. Ne5 Qxd4
15. Bxf6 Bxe5 16. Bxe5 Qxe5 17. Rfe1 Qh5 18. Re7 Rae8 19. Rxb7 Re5 20. Ne4 Nd5
21. Ng3 Qh4 22. Qc4 Qg5 23. Rxa7 Nf4 24. Ra4 Nxd3 25. Qxd3 Rfe8 26. h3 Bc8 27.
Qc3 h5 28. f4 Qh4 29. fxe5 Qxa4 30. Nxh5 Qb5 31. Re1 Be6 32. Nf4 Bxa2 33. Nd3
Qb6+ 34. Kh1 Bd5 35. Nc5 Qc7 36. b4 Qc8 37. Kh2 Qf5 38. Qd4 Qg5 39. Re2 f6 40.
e6 Qh5 41. Qe3 Qf5 42. Nb7 Rxe6 43. Qd3 Qxd3 0-1

[Event "Online Olym Div3 E 2020"]
[Site "chess.com INT"]
[Date "2020.07.08"]
[Round "6.4"]
[Board "5"]
[White "Quesada Leon, Joshua"]
[Black "Escorcia Obando, Carlos David"]
[Result "1-0"]
[WhiteElo "1839"]
[BlackElo "1831"]
[WhiteTeam "Costa Rica"]
[BlackTeam "Nicaragua"]
[WhiteFideId "6513166"]
[BlackFideId "6106641"]
[EventDate "2020.07.07"]
[EventType "team"]

1. e4 e5 2. Bc4 Nc6 3. Nf3 Nf6 4. d3 Be7 5. O-O d6 6. c3 O-O 7. Bb3 Be6 8. Bc2
d5 9. Nbd2 Nd7 10. Qe2 f5 11. exf5 Bxf5 12. b4 Bf6 13. Bb3 Nb6 14. a4 a5 15. b5
Nb8 16. Nxe5 c5 17. Ndf3 Re8 18. d4 N8d7 19. Bf4 g5 20. Bg3 g4 21. Ne1 Qe7 22.
f4 c4 23. Bc2 Bxc2 24. Nxc2 h5 25. Ne3 Qh7 26. Qc2 Qg7 27. Nf5 Qh7 28. Ne3 Qg7
29. Qf5 h4 30. Be1 g3 31. hxg3 hxg3 32. Rf3 Bxe5 33. fxe5 Rf8 34. Qh5 Rxf3 35.
Qxf3 Rf8 36. Qxg3 Qxg3 37. Bxg3 Kh7 38. Bh4 Rg8 39. g3 Nc8 40. Rf1 Ncb6 41. e6
Nf8 42. Rf7+ Kg6 43. Rf6+ Kh7 44. Nf5 Ng6 45. e7 Nxh4 46. Rh6# 1-0

[Event "Online Olym Div3 E 2020"]
[Site "chess.com INT"]
[Date "2020.07.08"]
[Round "6.4"]
[Board "6"]
[White "Munoz Cortez, Anahi Alexandra"]
[Black "Diaz Charpentier, Kristel Meliss"]
[Result "0-1"]
[WhiteElo "1284"]
[BlackElo "1898"]
[WhiteTeam "Nicaragua"]
[BlackTeam "Costa Rica"]
[WhiteFideId "6109527"]
[BlackFideId "6511708"]
[EventDate "2020.07.07"]
[EventType "team"]

1. e4 e5 2. Nf3 Nc6 3. Bc4 Nf6 4. Nc3 Bc5 5. d3 O-O 6. Bg5 h6 7. Bh4 d6 8. Nd5
Bg4 9. h3 Bh5 10. Nxf6+ gxf6 11. Qd2 Kh7 12. Nh2 Rg8 13. g4 Bg6 14. f4 Kg7 15.
f5 Bh7 16. Bf2 Bxf2+ 17. Qxf2 Na5 18. Bb3 Nxb3 19. axb3 a5 20. Nf3 d5 21. O-O-O
a4 22. exd5 Qxd5 23. bxa4 Rxa4 24. c4 Qc6 25. Nh4 b5 26. Qc2 bxc4 27. b3 Rb4 28.
bxc4 Rgb8 29. Qc3 e4 30. Kd2 exd3 31. Qxd3 Rb2+ 32. Ke1 Qxh1+ 33. Qf1 Re8# 0-1

[Event "Online Olym Div3 E 2020"]
[Site "chess.com INT"]
[Date "2020.07.08"]
[Round "6.5"]
[Board "1"]
[White "Guzman, Christopher"]
[Black "Gavarrete, Nahun"]
[Result "1-0"]
[WhiteTitle "FM"]
[BlackTitle "FM"]
[WhiteElo "2258"]
[BlackElo "2359"]
[WhiteTeam "Dominican Republic"]
[BlackTeam "Honduras"]
[WhiteFideId "6405096"]
[BlackFideId "8400709"]
[EventDate "2020.07.07"]
[EventType "team"]

1. e4 c5 2. Nf3 e6 3. d4 cxd4 4. Nxd4 a6 5. g3 Nf6 6. Bg2 Be7 7. O-O d6 8. c4
O-O 9. b3 Bd7 10. Bb2 Nc6 11. Nc3 Nxd4 12. Qxd4 Bc6 13. a4 Qa5 14. Ba3 Rfd8 15.
b4 Qh5 16. h3 e5 17. Qd3 Bd7 18. g4 Qg6 19. b5 h5 20. f3 Rac8 21. Nd5 Nxd5 22.
cxd5 axb5 23. axb5 Bg5 24. Bb4 Qh6 25. Rfe1 Ra8 26. Ra3 Rxa3 27. Bxa3 Rc8 28.
Bb4 Ra8 29. Bc3 Ra3 30. Qc4 Rxc3 31. Qxc3 Bd2 32. Qa1 Bxe1 33. Qxe1 Bxb5 34. Qa5
Ba6 35. Qd8+ Kh7 36. g5 Qg6 37. h4 f5 38. Bh3 Qf7 39. exf5 g6 40. f6 Bb5 41. Be6
Qe8 42. Qc7+ 1-0

[Event "Online Olym Div3 E 2020"]
[Site "chess.com INT"]
[Date "2020.07.08"]
[Round "6.5"]
[Board "2"]
[White "Chinchilla, Alejandro Jose"]
[Black "Polanco Nunez, Yoel Estarling"]
[Result "1-0"]
[BlackTitle "CM"]
[WhiteElo "2178"]
[BlackElo "2196"]
[WhiteTeam "Honduras"]
[BlackTeam "Dominican Republic"]
[WhiteFideId "8401136"]
[BlackFideId "6401783"]
[EventDate "2020.07.07"]
[EventType "team"]

1. b3 c5 2. e3 Nf6 3. Bb2 g6 4. Nf3 Bg7 5. d4 cxd4 6. Nxd4 Nc6 7. Be2 O-O 8. O-O
d5 9. Nxc6 bxc6 10. c4 a5 11. Nc3 Ne4 12. Qc1 Nxc3 13. Bxc3 Bxc3 14. Qxc3 e6 15.
Rfd1 Qb6 16. h4 Qb4 17. Qf6 Ra7 18. h5 Qe7 19. Qc3 Qg5 20. g3 Bb7 21. Kg2 d4 22.
exd4 c5+ 23. Bf3 cxd4 24. Rxd4 Qxh5 25. Bxb7 Rxb7 26. c5 Rc8 27. Rad1 Qg5 28. a3
e5 29. Rd5 f6 30. b4 Qf5 31. c6 axb4 32. cxb7 1-0

[Event "Online Olym Div3 E 2020"]
[Site "chess.com INT"]
[Date "2020.07.08"]
[Round "6.5"]
[Board "3"]
[White "Diaz Cesar, Wilsaida Pieranlly"]
[Black "Figueroa, Any"]
[Result "1/2-1/2"]
[WhiteTitle "WFM"]
[WhiteElo "1867"]
[BlackElo "1610"]
[WhiteTeam "Dominican Republic"]
[BlackTeam "Honduras"]
[WhiteFideId "6403557"]
[BlackFideId "8402817"]
[EventDate "2020.07.07"]
[EventType "team"]

1. e4 d5 2. exd5 Qxd5 3. Nc3 Qd6 4. Be2 Nf6 5. Nf3 Bg4 6. h3 Bxf3 7. Bxf3 c6 8.
O-O Nbd7 9. d4 e6 10. Re1 Be7 11. a4 Rd8 12. Be3 Nb6 13. a5 Nc4 14. b3 Nxe3 15.
fxe3 a6 16. Qe2 Qg3 17. Rf1 Bd6 18. Qd3 Qh2+ 19. Kf2 Qg3+ 20. Ke2 O-O 21. Ne4
Nxe4 22. Qxe4 Rfe8 23. Qg4 Qxg4 24. Bxg4 e5 25. Kf2 exd4 26. exd4 Bb4 27. Rad1
Bxa5 28. Rd3 Bb6 29. Rfd1 c5 30. dxc5 Bxc5+ 31. Kf1 Rxd3 32. Rxd3 Kf8 33. Bf3 b6
34. c3 a5 35. Bc6 Rc8 36. Bd5 Rd8 37. c4 Ke7 38. Rg3 g6 39. Rd3 Rd6 40. Ke2 Rf6
41. Rf3 Rxf3 42. Kxf3 f6 43. g4 h6 44. Ke4 Kd6 45. Bf7 g5 46. Kf5 Bd4 47. Kg6
Kc5 48. Be8 Kb4 49. Ba4 Kc3 50. Kxh6 Kd3 51. Kh5 Ke3 52. h4 gxh4 53. Kxh4 Kf4
54. Kh5 Be5 55. Bd7 Bd4 56. Kg6 Be5 57. Kf7 Bd4 58. Ke7 Be5 59. Be6 Bd4 60. Kd6
Be3 61. Kc6 Bd4 62. Kb5 Be3 1/2-1/2

[Event "Online Olym Div3 E 2020"]
[Site "chess.com INT"]
[Date "2020.07.08"]
[Round "6.5"]
[Board "4"]
[White "Torres Hernandez, Leslie Carolin"]
[Black "Gonzalez Peguero, Mary Loly"]
[Result "0-1"]
[WhiteTitle "WFM"]
[WhiteElo "1884"]
[BlackElo "1697"]
[WhiteTeam "Honduras"]
[BlackTeam "Dominican Republic"]
[WhiteFideId "8400504"]
[BlackFideId "6421482"]
[EventDate "2020.07.07"]
[EventType "team"]

1. e4 d6 2. Nc3 g6 3. g3 Bg7 4. Bg2 Nf6 5. d3 c6 6. Nge2 O-O 7. O-O Qa5 8. Bd2
Qh5 9. Qc1 e5 10. f4 Bh3 11. Bf3 Bg4 12. Bxg4 Nxg4 13. h4 exf4 14. Nxf4 Qc5+ 15.
Kg2 h5 16. Nce2 Nd7 17. c3 Qb6 18. Ng1 Nde5 19. Nf3 Nxf3 20. Rxf3 Rad8 21. Qc2
d5 22. exd5 cxd5 23. d4 Rfe8 24. Rff1 Re4 25. Nxd5 Re2+ 26. Kh1 Rh2+ 27. Kg1
Rxd5 28. Qe4 Bxd4+ 29. cxd4 Qxd4+ 30. Qxd4 Rxd4 31. Bc3 Rd3 32. Rfd1 Rxg3+ 33.
Kf1 Ne3+ 34. Ke1 Rg1# 0-1

[Event "Online Olym Div3 E 2020"]
[Site "chess.com INT"]
[Date "2020.07.08"]
[Round "6.5"]
[Board "5"]
[White "Mesa Cruz, Juan Carlos"]
[Black "Miller, Marlon"]
[Result "1-0"]
[BlackTitle "FM"]
[WhiteElo "1978"]
[BlackElo "2092"]
[WhiteTeam "Dominican Republic"]
[BlackTeam "Honduras"]
[WhiteFideId "6423400"]
[BlackFideId "8400555"]
[EventDate "2020.07.07"]
[EventType "team"]

1. e4 e6 2. d3 c5 3. Nf3 Nc6 4. g3 g6 5. Bg2 Bg7 6. O-O Nge7 7. Nbd2 O-O 8. Re1
d6 9. h4 Rb8 10. a4 a6 11. Nf1 b5 12. axb5 axb5 13. N1h2 e5 14. c3 b4 15. Bg5
bxc3 16. bxc3 Be6 17. Qd2 f6 18. Be3 Na5 19. Rab1 Qc7 20. d4 Nc4 21. Qe2 Nxe3
22. Qxe3 Ba2 23. Ra1 Rb2 24. Bf1 Be6 25. Ra6 Bc8 26. Ra3 Be6 27. dxe5 dxe5 28.
Nd2 Rd8 29. Nc4 Bxc4 30. Bxc4+ Kh8 31. Nf3 h5 32. Rea1 Rdb8 33. Kg2 Kh7 34. Ra5
Qd6 35. Qxc5 Qxc5 36. Rxc5 R2b7 37. Ra6 Rd7 38. Be6 Rdb7 39. Rca5 Bf8 40. Ra7
Kg7 41. Nd2 Nc6 42. Rxb7+ Rxb7 43. Ra6 Nd8 44. Bd5 Rc7 45. c4 Bc5 46. Nb3 Bd4
47. Nxd4 exd4 48. Kf3 Nf7 49. Bxf7 Kxf7 50. Ra4 Ke6 51. Ke2 f5 52. Kd3 Rd7 53.
Ra6+ Ke5 54. f4# 1-0